[Event "Titled Tuesday intern op 19th Dec Early"]
[Site "Chess.com INT"]
[Date "2023.12.19"]
[Round "5"]
[White "Antunez, Soler Luis"]
[Black "Bowden, Karl"]
[Result "1-0"]
[WhiteElo "2200"]
[BlackElo "2348"]
[PlyCount "93"]
[EventDate "2023.12.19"]
[EventType "swiss (blitz)"]
[EventRounds "11"]
[EventCountry "USA"]
[SourceTitle "CB52_2023"]
[SourceDate "2023.12.27"]
[SourceVersion "1"]
[SourceVersionDate "2023.12.27"]
[SourceQuality "1"]

1. e4 e5 2. Nf3 d5 3. Nxe5 Bd6 4. d4 dxe4 5. Qe2 Bxe5 6. dxe5 Bf5 7. Nc3 Ne7 8. h4 Nbc6 9. Be3 Nxe5 10. Qb5+ N5c6 11. Rd1 Qc8 12. h5 a6 13. Qc5 h6 14. Be2 0-0 15. 0-0 Qe6 16. Bc4 Qf6 17. Nd5 Nxd5 18. Bxd5 Bg4 19. Rb1 Bxh5 20. Bxc6 Be2 21. Rfe1 Bf3 22. gxf3 exf3 23. Bxf3 Qxf3 24. Qxc7 Rac8 25. Qg3 Qh5 26. Bd4 f6 27. Re7 Rf7 28. Rbe1 Rcf8 29. Rxf7 Rxf7 30. Re8+ Kh7 31. Qd3+ f5 32. Bc3 Qg4+ 33. Kf1 Qf4 34. Qd8 Qc1+ 35. Be1 Qf4 36. Rh8+ Kg6 37. Qe8 Qc4+ 38. Qe2 Qh4 39. Qf3 Qc4+ 40. Qd3 Qg4 41. Re8 Rf6 42. Re3 Kh7 43. Rg3 Qf4 44. Bc3 Rf7 45. Qd4 Qc7 46. Qd5 Qe7 47. Rf3 1-0

[Event "Titled Tuesday intern op 19th Dec Early"]
[Site "Chess.com INT"]
[Date "2023.12.19"]
[Round "10"]
[White "Bowden, Karl"]
[Black "Pogorelskikh, Sofia"]
[Result "1-0"]
[WhiteElo "2348"]
[BlackElo "2211"]
[PlyCount "105"]
[EventDate "2023.12.19"]
[EventType "swiss (blitz)"]
[EventRounds "11"]
[EventCountry "USA"]
[SourceTitle "CB52_2023"]
[SourceDate "2023.12.27"]
[SourceVersion "1"]
[SourceVersionDate "2023.12.27"]
[SourceQuality "1"]

1. e4 e5 2. Nf3 Nc6 3. Bb5 a6 4. Ba4 Bc5 5. 0-0 Nge7 6. Nxe5 Nxe5 7. d4 Ba7 8. dxe5 Ng6 9. Qh5 Qe7 10. Nc3 Qxe5 11. Qxe5+ Nxe5 12. Nd5 Bb8 13. f4 Nc6 14. e5 0-0 15. Be3 Re8 16. Rfe1 b5 17. Bb3 Na5 18. Rad1 Bb7 19. Nc3 Nxb3 20. axb3 Bc6 21. Nd5 f6 22. exf6 Bxd5 23. Rxd5 Rxe3 24. Rxe3 Ba7 25. Kf2 gxf6 26. Rxd7 Re8 27. Rdd3 Kf7 28. Kf3 Bxe3 29. Rxe3 Rd8 30. Rd3 Rxd3+ 31. cxd3 Ke6 32. g4 c5 33. Ke4 a5 34. h4 h6 35. g5 hxg5 36. hxg5 f5+ 37. Ke3 Kd5 38. Kd2 Ke6 39. Kc2 Kd5 40. Kc3 Ke6 41. d4 cxd4+ 42. Kxd4 Kd6 43. g6 Ke6 44. Kc5 Kf6 45. Kxb5 Kxg6 46. Kxa5 Kh5 47. b4 Kg4 48. b5 Kxf4 49. b6 Ke3 50. b7 f4 51. b8Q f3 52. Qe8+ Kf2 53. b4 1-0

[Event "Titled Tuesday intern op 04th Apr Early"]
[Site "Chess.com INT"]
[Date "2023.04.04"]
[Round "6"]
[White "Sowinski, Pawel"]
[Black "Bowden, Karl"]
[Result "1-0"]
[WhiteElo "2313"]
[BlackElo "2348"]
[PlyCount "67"]
[EventDate "2023.04.04"]
[EventType "swiss (blitz)"]
[EventRounds "11"]
[EventCountry "USA"]
[SourceTitle "EXT 2024"]
[Source "ChessBase"]
[SourceDate "2023.10.10"]
[SourceVersion "1"]
[SourceVersionDate "2023.10.10"]
[SourceQuality "1"]

1. c4 e5 2. Nc3 Nc6 3. Nf3 d6 4. g3 g6 5. Bg2 Bg7 6. 0-0 Nge7 7. d3 0-0 8. a3 f5 9. Rb1 h6 10. Bd2 g5 11. b4 Ng6 12. b5 Nce7 13. Qb3 Kh8 14. Ne1 f4 15. Nc2 Rg8 16. Nd5 Nf5 17. e4 Nfh4 18. gxh4 Nxh4 19. d4 g4 20. Nxf4 exf4 21. Bxf4 Nf3+ 22. Kh1 Nxd4 23. Nxd4 Bxd4 24. Bg3 Qf6 25. Qd3 Be5 26. f4 gxf3 27. Rxf3 Qe7 28. Rbf1 Be6 29. Bxe5+ dxe5 30. Rf6 Qg7 31. Qd2 Bxc4 32. Rxh6+ Qh7 33. Rxh7+ Kxh7 34. Rf6 1-0

[Event "Titled Tuesday intern op 7th Mar Early"]
[Site "Chess.com INT"]
[Date "2023.03.07"]
[Round "8"]
[White "Bowden, Karl"]
[Black "Mohamed, Saeed Laily"]
[Result "1-0"]
[WhiteElo "2348"]
[BlackElo "2019"]
[PlyCount "49"]
[EventDate "2023.03.07"]
[EventType "swiss (blitz)"]
[EventRounds "11"]
[EventCountry "USA"]
[SourceTitle "EXT 2024"]
[Source "ChessBase"]
[SourceDate "2023.10.10"]
[SourceVersion "1"]
[SourceVersionDate "2023.10.10"]
[SourceQuality "1"]

1. e4 c6 2. c4 d5 3. cxd5 cxd5 4. exd5 Nf6 5. Bb5+ Bd7 6. Bc4 g6 7. Nc3 Bg7 8. Nge2 0-0 9. 0-0 Qa5 10. Qb3 Na6 11. d4 Rfc8 12. Bf4 Nc7 13. d6 Ne6 14. Be5 exd6 15. Bxd6 a6 16. a4 Qh5 17. Nf4 Nxf4 18. Bxf4 Be8 19. Rfe1 Rd8 20. Qxb7 Rac8 21. Ba2 Bc6 22. Qxf7+ Kh8 23. Re7 Ne8 24. Be5 Bxe5 25. Qf8# 1-0

[Event "Titled Tuesday intern op 07th Feb Early"]
[Site "Chess.com INT"]
[Date "2023.02.07"]
[Round "1"]
[White "Beerdsen, Thomas"]
[Black "Bowden, Karl"]
[Result "1-0"]
[WhiteElo "2519"]
[BlackElo "2348"]
[PlyCount "51"]
[EventDate "2023.02.07"]
[EventType "swiss (blitz)"]
[EventRounds "11"]
[EventCountry "USA"]
[SourceTitle "EXT 2024"]
[Source "ChessBase"]
[SourceDate "2023.10.10"]
[SourceVersion "1"]
[SourceVersionDate "2023.10.10"]
[SourceQuality "1"]

1. e4 e5 2. Nf3 d5 3. exd5 e4 4. Qe2 Nf6 5. d3 Bb4+ 6. Nbd2 Bxd2+ 7. Nxd2 0-0 8. Nxe4 Nxd5 9. Bg5 f6 10. Bh4 Re8 11. 0-0-0 g5 12. c4 gxh4 13. cxd5 Re5 14. d4 Rxd5 15. Qf3 Rf5 16. Qe3 Be6 17. g4 Ra5 18. g5 fxg5 19. Rg1 h6 20. Nxg5 Rxg5 21. Qxe6+ Kg7 22. Bc4 Nc6 23. f4 Nxd4 24. Qe5+ Qf6 25. Qxf6+ Kxf6 26. fxg5+ 1-0

[Event "Titled Tuesday intern op 07th Feb Early"]
[Site "Chess.com INT"]
[Date "2023.02.07"]
[Round "4"]
[White "Bowden, Karl"]
[Black "Souleidis, Georgios"]
[Result "0-1"]
[WhiteElo "2348"]
[BlackElo "2421"]
[PlyCount "100"]
[EventDate "2023.02.07"]
[EventType "swiss (blitz)"]
[EventRounds "11"]
[EventCountry "USA"]
[SourceTitle "EXT 2024"]
[Source "ChessBase"]
[SourceDate "2023.10.10"]
[SourceVersion "1"]
[SourceVersionDate "2023.10.10"]
[SourceQuality "1"]

1. e4 c5 2. c3 d5 3. exd5 Qxd5 4. d4 Nf6 5. Nf3 Bg4 6. Be2 e6 7. h3 Bh5 8. 0-0 Nc6 9. Be3 cxd4 10. cxd4 Be7 11. Nc3 Qd6 12. Qb3 0-0 13. Rfd1 Rfd8 14. Rac1 a6 15. a3 b5 16. g3 Na5 17. Qc2 Bg6 18. Bd3 Bxd3 19. Qxd3 Nc4 20. Bf4 Qb6 21. Qe2 Rac8 22. d5 Bc5 23. dxe6 Qxe6 24. Qxe6 fxe6 25. Rxd8+ Rxd8 26. Rc2 Nd5 27. Nxd5 Rxd5 28. Kg2 h6 29. h4 e5 30. Bc1 e4 31. Nd2 Nxd2 32. Bxd2 Kf7 33. Be3 Bxe3 34. fxe3 Rd3 35. Kf2 Rb3 36. Ke2 a5 37. Rc7+ Kf6 38. Rc2 h5 39. Kd2 g6 40. Rc6+ Kf5 41. Rc5+ Kg4 42. Rg5+ Kf3 43. Rxg6 Rxb2+ 44. Kc3 Rg2 45. Rg5 Kxe3 46. Rxh5 Rxg3 47. Rxb5 Kf2+ 48. Kd4 e3 49. h5 e2 50. Rb2 Kf1 0-1